[Event "ESP-ch FEDC 28th"]
[Site "Ubeda"]
[Date "2019.11.23"]
[Round "5"]
[White "Miramon Borragan, Gustavo"]
[Black "Llaneras Henarejos, Miguel"]
[Result "1/2-1/2"]
[WhiteElo "1560"]
[BlackElo "1767"]
[PlyCount "35"]
[EventDate "2019.11.19"]
[EventType "swiss"]
[EventRounds "8"]
[EventCountry "ESP"]
[SourceTitle "EXT 2024"]
[Source "ChessBase"]
[SourceDate "2023.10.10"]
[SourceVersion "1"]
[SourceVersionDate "2023.10.10"]
[SourceQuality "1"]

1. e4 d6 2. d4 g6 3. Nc3 Bg7 4. Bd3 c6 5. Nge2 Nf6 6. h3 Nbd7 7. Be3 b5 8. a3 Bb7 9. g4 Qa5 10. b4 Qc7 11. Ng3 a5 12. g5 Ng8 13. Rb1 axb4 14. axb4 Ra3 15. Nce2 e6 16. Qc1 Ra4 17. c4 bxc4 18. Qxc4 1/2-1/2

[Event "ESP-ch FEDC 28th"]
[Site "Ubeda"]
[Date "2019.11.19"]
[Round "1"]
[White "Mayor Martinez, Juan Jose"]
[Black "Miramon Borragan, Gustavo"]
[Result "1/2-1/2"]
[WhiteElo "1826"]
[BlackElo "1560"]
[PlyCount "42"]
[EventDate "2019.11.19"]
[EventType "swiss"]
[EventRounds "8"]
[EventCountry "ESP"]
[SourceTitle "EXT 2024"]
[Source "ChessBase"]
[SourceDate "2023.10.10"]
[SourceVersion "1"]
[SourceVersionDate "2023.10.10"]
[SourceQuality "1"]

1. e4 e5 2. Nf3 Nc6 3. Nc3 Nf6 4. a3 d6 5. h3 Be7 6. d4 0-0 7. d5 Nb8 8. Bc4 b6 9. Qd3 a5 10. Be3 Ba6 11. 0-0-0 Bxc4 12. Qxc4 Na6 13. g4 Qd7 14. Rdg1 Rfc8 15. Rg2 c5 16. Rhg1 Rcb8 17. a4 Nc7 18. g5 Nh5 19. Rg4 b5 20. axb5 Nxb5 21. Nd2 Nd4 1/2-1/2

[Event "ESP-ch FEDC 26th"]
[Site "Ciudad Real"]
[Date "2017.11.12"]
[Round "1.12"]
[White "Miramon Borragan, Gustavo"]
[Black "Pimienta Sanchez, Manuel"]
[Result "1/2-1/2"]
[WhiteElo "1591"]
[BlackElo "1882"]
[PlyCount "31"]
[EventDate "2017.11.12"]
[EventType "swiss"]
[EventRounds "8"]
[EventCountry "ESP"]
[SourceTitle "EXT 2024"]
[Source "ChessBase"]
[SourceDate "2023.10.10"]
[SourceVersion "1"]
[SourceVersionDate "2023.10.10"]
[SourceQuality "1"]

1. e4 d5 2. exd5 Qxd5 3. Qf3 Nf6 4. c3 Bg4 5. Qxd5 Nxd5 6. d4 Nd7 7. Be2 N7f6 8. Bxg4 Nxg4 9. h3 Ngf6 10. Nf3 e6 11. 0-0 h6 12. Rd1 c6 13. Nbd2 Nf4 14. Nc4 Ne2+ 15. Kf1 Nxc1 16. Raxc1 1/2-1/2

[Event "Benidorm FEDC op 16th"]
[Site "Benidorm"]
[Date "2016.06.17"]
[Round "6.5"]
[White "Septien Lopez, Valeriano"]
[Black "Miramon Borragan, Gustavo"]
[Result "1-0"]
[WhiteElo "1880"]
[BlackElo "1540"]
[PlyCount "61"]
[EventDate "2016.06.12"]
[EventType "swiss"]
[EventRounds "7"]
[EventCountry "ESP"]
[SourceTitle "EXT 2024"]
[Source "ChessBase"]
[SourceDate "2023.10.10"]
[SourceVersion "1"]
[SourceVersionDate "2023.10.10"]
[SourceQuality "1"]

1. e4 e5 2. Nf3 Nc6 3. Bb5 d6 4. d4 Bd7 5. c3 a6 6. Ba4 b5 7. Bc2 Nf6 8. 0-0 Be7 9. h3 0-0 10. Nbd2 Re8 11. Re1 Bf8 12. Nf1 h6 13. Ng3 Qc8 14. Kh2 Kh8 15. Nh4 Ne7 16. Qf3 c5 17. dxe5 dxe5 18. Bxh6 Nfg8 19. Bg5 Be6 20. Qh5+ Nh6 21. Bxh6 gxh6 22. Qxe5+ Kg8 23. Qf4 b4 24. e5 Bg7 25. Qe4 bxc3 26. bxc3 Bd5 27. Qh7+ Kf8 28. Nhf5 Nxf5 29. Nxf5 Bxe5+ 30. Rxe5 Rxe5 31. Qh8# 1-0

[Event "Benidorm Ciegos-ch 15th"]
[Site "Benidorm"]
[Date "2015.06.07"]
[Round "1"]
[White "Vela Ignacio, Jose Manuel"]
[Black "Miramon Borragan, Gustavo"]
[Result "1-0"]
[WhiteElo "1945"]
[BlackElo "1587"]
[PlyCount "57"]
[EventDate "2015.06.07"]
[EventType "swiss"]
[EventRounds "7"]
[EventCountry "ESP"]
[SourceTitle "CBM 167 Extra"]
[Source "ChessBase"]
[SourceDate "2015.09.14"]
[SourceVersion "1"]
[SourceVersionDate "2015.09.14"]
[SourceQuality "1"]

1. e4 e5 2. Nf3 Nc6 3. Bc4 Bb4 4. 0-0 d6 5. c3 Ba5 6. Qb3 Qf6 7. d4 Bb6 8. dxe5 Nxe5 9. Nxe5 dxe5 10. a4 c6 11. Be3 Bc7 12. Nd2 Nh6 13. f4 exf4 14. Bd4 Qg6 15. Nf3 Bh3 16. Rf2 Bc8 17. Nh4 Qg4 18. Nf5 0-0 19. Nxh6+ gxh6 20. Raf1 Be6 21. e5 Bxc4 22. Qxc4 Bb6 23. Rxf4 Qe6 24. Qe2 Bxd4+ 25. cxd4 Rad8 26. Qh5 Rd7 27. Rg4+ Kh8 28. Rf6 Qc4 29. Qxh6 1-0

[Event "Benidorm FEDC op 14th"]
[Site "Benidorm"]
[Date "2014.06.09"]
[Round "2"]
[White "Miramon Borragan, Gustavo"]
[Black "Coves Sepulcre, Laureano"]
[Result "1/2-1/2"]
[WhiteElo "1617"]
[BlackElo "1827"]
[PlyCount "59"]
[EventDate "2014.06.08"]
[EventType "swiss"]
[EventRounds "7"]
[EventCountry "ESP"]
[SourceTitle "EXT 2016"]
[Source "ChessBase"]
[SourceDate "2015.10.08"]
[SourceVersion "1"]
[SourceVersionDate "2015.10.08"]
[SourceQuality "1"]

1. e4 c5 2. Nf3 g6 3. c3 d5 4. exd5 Qxd5 5. d4 Bg4 6. Be2 Nf6 7. 0-0 Bg7 8. Qa4+ Nbd7 9. Bc4 Qc6 10. Bb5 Qc7 11. Ne5 Be6 12. Bf4 Qc8 13. dxc5 0-0 14. c6 Nb6 15. Qc2 Bd5 16. Nd2 bxc6 17. Be2 c5 18. Nec4 Rd8 19. Rfe1 Qb7 20. Ne3 Bc6 21. Bf3 Rd7 22. Bxc6 Qxc6 23. Rad1 Nh5 24. Bg5 h6 25. Bh4 g5 26. Bg3 Nxg3 27. hxg3 Rad8 28. Nf3 e6 29. Rxd7 Rxd7 30. Rd1 1/2-1/2

[Event "Valladolid Once-ch 23rd"]
[Site "Valladolid"]
[Date "2012.11.22"]
[Round "5"]
[White "Pimienta Sanchez, Manuel"]
[Black "Miramon Borragan, Gustavo"]
[Result "1-0"]
[WhiteElo "1860"]
[BlackElo "1615"]
[PlyCount "37"]
[EventDate "2012.11.18"]
[EventType "swiss"]
[EventRounds "8"]
[EventCountry "ESP"]
[SourceTitle "CBM 151 Extra"]
[Source "ChessBase"]
[SourceDate "2012.12.18"]
[SourceVersion "1"]
[SourceVersionDate "2012.12.18"]
[SourceQuality "1"]

1. d4 g6 2. e4 d6 3. Bd3 Bg7 4. Ne2 c5 5. c3 b6 6. Be3 Nf6 7. 0-0 0-0 8. h3 Ba6 9. Ng3 Bxd3 10. Qxd3 Nc6 11. f4 e6 12. Nd2 Qc7 13. Rad1 Rad8 14. Nf3 Kh8 15. a3 e5 16. fxe5 dxe5 17. d5 Ne7 18. Qb5 Nh5 19. b4 1-0

[Event "Valladolid Once-ch 23rd"]
[Site "Valladolid"]
[Date "2012.11.20"]
[Round "3"]
[White "Miramon Borragan, Gustavo"]
[Black "Lago Carballo, Carmen"]
[Result "1-0"]
[WhiteElo "1615"]
[BlackElo "1464"]
[PlyCount "73"]
[EventDate "2012.11.18"]
[EventType "swiss"]
[EventRounds "8"]
[EventCountry "ESP"]
[SourceTitle "CBM 151 Extra"]
[Source "ChessBase"]
[SourceDate "2012.12.18"]
[SourceVersion "1"]
[SourceVersionDate "2012.12.18"]
[SourceQuality "1"]

1. e4 d5 2. exd5 Qxd5 3. Nc3 Qe5+ 4. Nge2 Qa5 5. Ng3 Nf6 6. Be2 c6 7. 0-0 e6 8. d3 Nbd7 9. a3 Bd6 10. Nce4 Nxe4 11. Nxe4 Be7 12. Bd2 Qc7 13. Bc3 0-0 14. Qd2 h6 15. Bf3 Ne5 16. Qf4 f6 17. Rfe1 Qd8 18. Bxe5 fxe5 19. Qxe5 Bf6 20. Nxf6+ Qxf6 21. h3 Bd7 22. Re2 Rae8 23. Rae1 Qe7 24. Bg4 Rf6 25. f4 Qf7 26. g3 g6 27. h4 h5 28. Bh3 a6 29. c4 Kh7 30. d4 b5 31. b3 a5 32. cxb5 cxb5 33. Qc7 a4 34. b4 Re7 35. Qc5 e5 36. dxe5 Bxh3 37. exf6 1-0

[Event "Valladolid Once-ch 23rd"]
[Site "Valladolid"]
[Date "2012.11.19"]
[Round "2"]
[White "Olivera Gutierrez, Albert"]
[Black "Miramon Borragan, Gustavo"]
[Result "1/2-1/2"]
[WhiteElo "2046"]
[BlackElo "1615"]
[PlyCount "40"]
[EventDate "2012.11.18"]
[EventType "swiss"]
[EventRounds "8"]
[EventCountry "ESP"]
[SourceTitle "CBM 151 Extra"]
[Source "ChessBase"]
[SourceDate "2012.12.18"]
[SourceVersion "1"]
[SourceVersionDate "2012.12.18"]
[SourceQuality "1"]

1. e4 e5 2. Nf3 Nc6 3. Bc4 d6 4. h3 h6 5. 0-0 Be7 6. c3 Nf6 7. d3 0-0 8. Re1 Nh7 9. d4 Ng5 10. Nbd2 Bf6 11. d5 Ne7 12. Nf1 Nxf3+ 13. Qxf3 Ng6 14. Ng3 Bg5 15. Bd3 Bxc1 16. Raxc1 Qg5 17. c4 c6 18. b4 Qd2 19. a3 a5 20. c5 axb4 1/2-1/2